La América Latina en la economía mundial. Evolución reciente y tendencias

Salvato in:
Dettagli Bibliografici
Enti autori: BID (Autore), Banco Interamericano del Desarrollo (Autore)
Natura: Libro
Lingua:spagnolo
Pubblicazione: Ciudad de México Departamento de Desarrollo Económico y Social 1975
Soggetti:
Tags: Aggiungi Tag
Nessun Tag, puoi essere il primo ad aggiungerne!!

MARC

LEADER 00000nam a2200000 a 4500
001 UCR7775
003 CL-VaPUC
008 980519e19750300mx |||||||||||||||||spa|d
082 0 4 |a 337.18  |b BID  |2 21 
110 2 |a BID  |e author  |9 409204 
710 2 |a Banco Interamericano del Desarrollo  |e author  |9 409205 
245 1 3 |a La América Latina en la economía mundial. Evolución reciente y tendencias 
300 |a 112 p 
942 |c BK 
945 |d 19980519 00:00:00  |a crobeson 
260 |a Ciudad de México  |b Departamento de Desarrollo Económico y Social  |c 1975 
650 0 |a Economía internacional  |9 258254 
650 0 |a Integración económica  |9 255024 
650 0 |a Economía   |9 255568 
651 0 |a Latinoamérica  |9 316393 
583 |a last modification  |c 20171010 10:50:49  |k Rodrigo Vera 
999 |c 269359  |d 269357 
952 |0 0  |1 0  |4 0  |6 337_180000000000000_BID_1975  |7 0  |8 A  |9 303092  |a BIBENE  |b BIBENE  |d 2019-11-20  |i 1994611  |o 337.18 BID 1975  |p 1994611  |r 2025-01-15  |w 2019-11-20  |y BK  |k ICO 
952 |0 0  |1 0  |4 0  |6 337_180000000000000_BID_1975  |7 0  |8 A  |9 303093  |a BIBDER  |b BIBDER  |d 2019-11-20  |i 4684710  |o 337.18 BID 1975  |p 4684710  |r 2023-01-25  |w 2019-11-20  |y BK  |k DER